Les Films de David Fincher - Statistiques

Statistiques générales
  • Ce quiz a été pris 348 fois
  • Le résultat moyen est 6 sur 10
Statistiques - réponses
Hint Réponse % Correct
1999 Fight Club
91%
1995 Seven
91%
2014 Gone Girl
71%
2007 Zodiac
68%
2010 The Social Network
60%
2008 L'Etrange Histoire de Benjamin Button
57%
1992 Alien 3
54%
1997 The Game
53%
2002 Panic Room
52%
2011 Millénium : Les Hommes qui n'aimaient pas les Femmes
44%
Aucun quiz correspondant
Distribution des résultats
% des personnes avec chaque résultat
Percentile par nombre de réponses
Votre historique - résultats
Vous n’avez pas pris ce quiz